000 00738na a2200265 4500
001 18176
003 MIRAKIL
005 20181213155156.0
008 161114b tu 000 0
020 _a9786051288628
035 _a18176
040 _aMilas
_btur
_cTR-AnCHP
041 _atur
082 _a320.9561
_bG98ü 2015
090 _a320.9561 G98ü 2015
100 _aGüven, Ahmet Can
245 _a333
_b(Kasetli başkan)
_cAhmet Can Güven
246 _a(Kasetli Başkan)
260 _aİstanbul
_bİkinci Adam Yayınları
_c2015
300 _a189 s.
_c20 sm.
500 _aYapıt yazarından imzalıdır
650 _aTarih
_xSiyaset ve yönetim
651 _aTürkiye
_xSiyaset ve yönetim
_yTarih
942 _2ddc
_cBKS
999 _c7971
_d7971